Sociálne bývanie na Slovensku

Sociálne bývanie v európskych krajinách. Priestorová analýza sociálneho bývania na Slovensku v regiónoch úrovne LAU1.

Gespeichert in:
Bibliographische Detailangaben
1. Verfasser: Labudová, Viera, 1958-
Weitere Verfasser: Sipková, Ľubica, 1962-
Format: Buchkapitel
Sprache:Slowakisch
Schlagworte:
Tags: Tag hinzufügen
Keine Tags, Fügen Sie das erste Tag hinzu!

MARC

LEADER 00000nla a2200000 4500
001 0242141
005 20240502073936.1
041 0 |a slo 
044 |a SK 
245 1 0 |a Sociálne bývanie na Slovensku  |c Viera Labudová, Ľubica Sipková 
520 |a Sociálne bývanie v európskych krajinách. Priestorová analýza sociálneho bývania na Slovensku v regiónoch úrovne LAU1. 
610 2 0 |a bývanie 
610 2 0 |a práca sociálna 
610 2 0 |a rozdiely regionálne 
610 2 0 |a Slovensko 
610 2 0 |a Európska únia 
610 2 0 |a Európske spoločenstvá 
610 2 0 |a euroregióny 
610 2 0 |a byty sociálne 
610 2 0 |a sčítanie ľudu 
100 1 |a Labudová, Viera, 1958- 
700 1 |a Sipková, Ľubica, 1962-